000 01155naa a22003257a 4500
001 BR8105321
003 BR-BrBNA
005 20240918174836.0
007 ta
008 230509b bl.||||| |||| 00| 0 por d
040 _aBR-BrBNA
_bpor
_cBiblioteca Nacional de Agricultura
041 _a(Pt)
072 _aF00; F30
_b1440
_bG514
090 _aF00 BR8105321
100 1 _aMiranda, P.
100 1 _aBrito, P.R.F. de
245 1 _aObtencao de cultivares de feijao caupi (Vigna unguiculata L.)Walp. tolerantes a seca [comportamento de variedade, variedade resistente, Regiao Semi-Arida, Pernambuco, Brasil]
260 3 _aRecife, PE (Brasil):
_c1981.
500 _aAtuacao do IPA no ambito do POLONORDESTE Recife, PE (Brasil): 1981. v. 1 p. 63-66 (BR8105321-AM)F00
650 _aFEIJAO DE CORDA
650 _aVARIEDADE
650 _aSECA
650 _aCULTURA IRRIGADA
650 _aVARIEDADE RESISTENTE
650 _aZONA SEMI-ARIDA
650 _aPERNAMBUCO
773 0 _tAtuacao do IPA no ambito do POLONORDESTE
_wF00 BR8105321
_gRecife, PE (Brasil), 1981. v. 1 p. 63-66
909 _a202404
_bLucia
_c55
_dLucia Elande
942 _cAM
_2AGRIS
999 _c313954
_d313954